Towards poverty alleviation programmes in Nagaland and Manipur / (Record no. 4498)

MARC details
000 -LEADER
fixed length control field 01085nam a2200313 a 4500
001 - CONTROL NUMBER
control field 3802736
003 - CONTROL NUMBER IDENTIFIER
control field GBCCL
005 - DATE AND TIME OF LATEST TRANSACTION
control field 20241126110519.0
008 - FIXED-LENGTH DATA ELEMENTS--GENERAL INFORMATION
fixed length control field 841207s1984 ii b 001 0 eng
010 ## -
-- 84902780
020 ## - INTERNATIONAL STANDARD BOOK NUMBER
Terms of availability Rs75.00
025 ## - OVERSEAS ACQUISITION NUMBER
Overseas acquisition number I E 48570
040 ## - CATALOGING SOURCE
Original cataloging agency DLC
Transcribing agency DLC
Modifying agency DLC
043 ## -
-- a-ii---
050 00 -
-- HC437.N25
-- R69 1984
082 00 - DEWEY DECIMAL CLASSIFICATION NUMBER
Classification number 338.954165
Edition information 19
Item number BUR
100 2# - MAIN ENTRY--PERSONAL NAME
Personal name Roy Burman, B. K.
9 (RLIN) 9433
245 10 - TITLE STATEMENT
Title Towards poverty alleviation programmes in Nagaland and Manipur /
Statement of responsibility, etc. B.K. Roy Burman ; assistance in data compilation in Manipur, Lava Yamben ; supplementary field study in Nagaland, Lanu Imchen.
260 ## - PUBLICATION, DISTRIBUTION, ETC.
Place of publication, distribution, etc. Delhi :
Name of publisher, distributor, etc. Mittal Publications,
Date of publication, distribution, etc. 1984.
300 ## - PHYSICAL DESCRIPTION
Extent xxxi, 123 p. ;
Dimensions 23 cm.
500 ## - GENERAL NOTE
General note Includes index.
504 ## - BIBLIOGRAPHY, ETC. NOTE
Bibliography, etc. note Bibliography: p. [93]-95.
650 #0 - SUBJECT ADDED ENTRY--TOPICAL TERM
Topical term or geographic name entry element Economic assistance, Domestic
Geographic subdivision India
-- Nāgāland.
9 (RLIN) 9434
650 #0 - SUBJECT ADDED ENTRY--TOPICAL TERM
Topical term or geographic name entry element Economic assistance, Domestic
Geographic subdivision India
-- Manipur.
9 (RLIN) 9435
700 0# - ADDED ENTRY--PERSONAL NAME
Personal name Lava Yamben.
9 (RLIN) 9436
700 0# - ADDED ENTRY--PERSONAL NAME
Personal name Lanu Imchen.
9 (RLIN) 9437
906 ## - LOCAL DATA ELEMENT F, LDF (RLIN)
a 7
b cbc
c orignew
d 2
e ncip
f 19
g y-gencatlg
942 ## - ADDED ENTRY ELEMENTS (KOHA)
Source of classification or shelving scheme Dewey Decimal Classification
Koha item type Books
Holdings
Withdrawn status Lost status Source of classification or shelving scheme Damaged status Not for loan Home library Current Library Shelving location Date acquired Total checkouts Full call number Barcode Date last seen Copy number Price effective from Koha item type
    Dewey Decimal Classification     GRACE BIBLE COLLEGE GRACE BIBLE COLLEGE North East Collection 2018-01-23   338.954165 BUR 002289 2025-05-01 c.1 2018-01-23 Books
© Grace Bible College Library 2025